<?xml version="1.0" encoding="UTF-8"?>
<collection xmlns="http://www.loc.gov/MARC21/slim">
 <record>
  <leader>02066nam a22004817a 4500</leader>
  <controlfield tag="001">000079903</controlfield>
  <controlfield tag="003">CZ-PrVSE</controlfield>
  <controlfield tag="005">20090715134235.0</controlfield>
  <controlfield tag="008">040120s2003    xr ao   rbi   001 0 cze d</controlfield>
  <datafield tag="015" ind1=" " ind2=" ">
   <subfield code="a">cnb001297502</subfield>
  </datafield>
  <datafield tag="020" ind1=" " ind2=" ">
   <subfield code="a">80-251-0032-4</subfield>
  </datafield>
  <datafield tag="035" ind1=" " ind2=" ">
   <subfield code="a">(OCoLC)56873371</subfield>
  </datafield>
  <datafield tag="040" ind1=" " ind2=" ">
   <subfield code="a">ABA006</subfield>
   <subfield code="b">cze</subfield>
   <subfield code="c">ABA006</subfield>
   <subfield code="d">ABA006</subfield>
  </datafield>
  <datafield tag="080" ind1=" " ind2=" ">
   <subfield code="a">658.8</subfield>
   <subfield code="2">MRF</subfield>
  </datafield>
  <datafield tag="080" ind1=" " ind2=" ">
   <subfield code="a">658.822</subfield>
   <subfield code="2">MRF</subfield>
  </datafield>
  <datafield tag="080" ind1=" " ind2=" ">
   <subfield code="a">658.84</subfield>
   <subfield code="2">MRF</subfield>
  </datafield>
  <datafield tag="080" ind1=" " ind2=" ">
   <subfield code="a">658.85</subfield>
   <subfield code="2">MRF</subfield>
  </datafield>
  <datafield tag="080" ind1=" " ind2=" ">
   <subfield code="a">316.722</subfield>
   <subfield code="2">MRF</subfield>
  </datafield>
  <datafield tag="080" ind1=" " ind2=" ">
   <subfield code="a">005.57</subfield>
   <subfield code="2">MRF</subfield>
  </datafield>
  <datafield tag="099" ind1=" " ind2="9">
   <subfield code="a">658.8ČER</subfield>
  </datafield>
  <datafield tag="100" ind1="1" ind2=" ">
   <subfield code="a">Černý, Vojtěch,</subfield>
   <subfield code="d">1967-</subfield>
   <subfield code="7">xx0015374</subfield>
   <subfield code="4">aut</subfield>
  </datafield>
  <datafield tag="245" ind1="1" ind2="0">
   <subfield code="a">Prodejní techniky /</subfield>
   <subfield code="c">Vojtěch Černý</subfield>
  </datafield>
  <datafield tag="260" ind1=" " ind2=" ">
   <subfield code="a">Brno :</subfield>
   <subfield code="b">Computer Press,</subfield>
   <subfield code="c">2003</subfield>
  </datafield>
  <datafield tag="300" ind1=" " ind2=" ">
   <subfield code="a">xvii, 470 s. :</subfield>
   <subfield code="b">il. +</subfield>
   <subfield code="e">1 CD</subfield>
  </datafield>
  <datafield tag="490" ind1="1" ind2=" ">
   <subfield code="a">Business books</subfield>
  </datafield>
  <datafield tag="504" ind1=" " ind2=" ">
   <subfield code="a">Obsahuje bibliografii a rejstřík</subfield>
  </datafield>
  <datafield tag="650" ind1="0" ind2="7">
   <subfield code="a">komunikační dovednosti</subfield>
   <subfield code="7">ph180925</subfield>
   <subfield code="2">czenas</subfield>
  </datafield>
  <datafield tag="653" ind1="0" ind2=" ">
   <subfield code="a">komunikační mix</subfield>
  </datafield>
  <datafield tag="653" ind1="0" ind2=" ">
   <subfield code="a">obchodní metody</subfield>
  </datafield>
  <datafield tag="653" ind1="0" ind2=" ">
   <subfield code="a">prodejní metody</subfield>
  </datafield>
  <datafield tag="655" ind1=" " ind2="7">
   <subfield code="a">učebnice</subfield>
   <subfield code="7">fd133770</subfield>
   <subfield code="2">czenas</subfield>
  </datafield>
  <datafield tag="650" ind1="0" ind2="9">
   <subfield code="a">communication skills</subfield>
   <subfield code="2">eczenas</subfield>
  </datafield>
  <datafield tag="655" ind1=" " ind2="9">
   <subfield code="a">textbooks</subfield>
   <subfield code="2">eczenas</subfield>
  </datafield>
  <datafield tag="830" ind1=" " ind2="0">
   <subfield code="a">Business books</subfield>
  </datafield>
  <datafield tag="993" ind1=" " ind2=" ">
   <subfield code="a">001027505</subfield>
  </datafield>
  <datafield tag="996" ind1=" " ind2=" ">
   <subfield code="1">HSTU1</subfield>
   <subfield code="3">A 4664-V1</subfield>
   <subfield code="4">N:P</subfield>
   <subfield code="5">4202121215</subfield>
   <subfield code="8">20040504</subfield>
   <subfield code="9">658.8ČER</subfield>
   <subfield code="f">85</subfield>
   <subfield code="l">UEP01</subfield>
   <subfield code="m">BOOK</subfield>
   <subfield code="q">Knihovna FM JH studovna I</subfield>
   <subfield code="s">CD ROM</subfield>
   <subfield code="t">prezenční</subfield>
   <subfield code="u">UEP01</subfield>
   <subfield code="w">20040504</subfield>
  </datafield>
  <datafield tag="996" ind1=" " ind2=" ">
   <subfield code="1">PDPZ2</subfield>
   <subfield code="3">F188793</subfield>
   <subfield code="4">N:P</subfield>
   <subfield code="5">3142176214</subfield>
   <subfield code="8">20040120</subfield>
   <subfield code="9">658.8ČER</subfield>
   <subfield code="f">81</subfield>
   <subfield code="l">UEP01</subfield>
   <subfield code="m">BOOK</subfield>
   <subfield code="q">Knihovna Žižkov depoz. 2</subfield>
   <subfield code="t">na 1 měsíc</subfield>
   <subfield code="u">UEP01</subfield>
   <subfield code="w">20040127</subfield>
  </datafield>
  <datafield tag="996" ind1=" " ind2=" ">
   <subfield code="1">PDPZ2</subfield>
   <subfield code="3">F188793e</subfield>
   <subfield code="4">N:P</subfield>
   <subfield code="5">3142178233</subfield>
   <subfield code="8">20040322</subfield>
   <subfield code="9">658.8ČER</subfield>
   <subfield code="f">81</subfield>
   <subfield code="g">1022</subfield>
   <subfield code="l">UEP01</subfield>
   <subfield code="m">BOOK</subfield>
   <subfield code="q">Knihovna Žižkov depoz. 2</subfield>
   <subfield code="s">CD</subfield>
   <subfield code="t">na 1 měsíc</subfield>
   <subfield code="u">UEP01</subfield>
   <subfield code="w">20040331</subfield>
  </datafield>
  <datafield tag="996" ind1=" " ind2=" ">
   <subfield code="1">PDPZ2</subfield>
   <subfield code="3">F188793g</subfield>
   <subfield code="4">N:náhrada</subfield>
   <subfield code="5">3142355837</subfield>
   <subfield code="8">20220221</subfield>
   <subfield code="9">658.8ČER</subfield>
   <subfield code="f">81</subfield>
   <subfield code="l">UEP01</subfield>
   <subfield code="m">BOOK</subfield>
   <subfield code="q">Knihovna Žižkov depoz. 2</subfield>
   <subfield code="s">CD</subfield>
   <subfield code="t">na 1 měsíc</subfield>
   <subfield code="u">UEP01</subfield>
   <subfield code="w">20220221</subfield>
  </datafield>
  <datafield tag="996" ind1=" " ind2=" ">
   <subfield code="1">PJMSK</subfield>
   <subfield code="3">F188793a</subfield>
   <subfield code="4">N:P</subfield>
   <subfield code="5">3142178229</subfield>
   <subfield code="8">20040322</subfield>
   <subfield code="9">658.8ČER</subfield>
   <subfield code="f">81</subfield>
   <subfield code="g">1022</subfield>
   <subfield code="l">UEP01</subfield>
   <subfield code="m">BOOK</subfield>
   <subfield code="q">Knihovna JM - sklad</subfield>
   <subfield code="s">CD</subfield>
   <subfield code="t">na 1 měsíc</subfield>
   <subfield code="u">UEP01</subfield>
   <subfield code="w">20040331</subfield>
  </datafield>
  <datafield tag="996" ind1=" " ind2=" ">
   <subfield code="1">PSTUD</subfield>
   <subfield code="3">F188793c</subfield>
   <subfield code="4">N:P</subfield>
   <subfield code="5">3142178231</subfield>
   <subfield code="8">20040322</subfield>
   <subfield code="9">658.8ČER</subfield>
   <subfield code="f">81</subfield>
   <subfield code="g">1022</subfield>
   <subfield code="l">UEP01</subfield>
   <subfield code="m">BOOK</subfield>
   <subfield code="q">Studovna Žižkov</subfield>
   <subfield code="s">CD</subfield>
   <subfield code="t">na 1 měsíc</subfield>
   <subfield code="u">UEP01</subfield>
   <subfield code="w">20040331</subfield>
  </datafield>
 </record>
</collection>
